| 000 | nam a22 a 4500 | ||
|---|---|---|---|
| 999 |
_c421460 _d421460 |
||
| 003 | BLK | ||
| 005 | 20210627140805.0 | ||
| 008 | 210624b bu |||||r|||| 00| | bu d | ||
| 040 | _aBLK | ||
| 041 |
_aBUL _cBUL |
||
| 080 |
_aБългарска литература _b821.163.2 _x-31 _z821.163.2-31 |
||
| 100 |
_9342636 _aГаджев, Пейо _eпърви автор |
||
| 139 |
_aГаджев, Пейо _bГ 15 |
||
| 245 |
_aПороят _bРоман _cПейо Гаджев |
||
| 260 |
_9458774 _aСофия _bСел. творчество _c1947 _f(София : Феникс) |
||
| 300 |
_a192 с. _c17 см |
||
| 380 | _aX | ||
| 490 |
_9458778 _aБиблиотека Селско творчество |
||
| 852 |
_aЦб 8.170.22213 _bО |
||
| 942 |
_cKNG _n0 _s1 |
||
| 944 |
_aCR _c2021-06-24 _kВП |
||
| 999 | _d421460 | ||